Market commentary (Record no. 82277)

MARC details
000 -LEADER
fixed length control field 01048cad a22001935a 4500
001 - CONTROL NUMBER
control field L149771
008 - FIXED-LENGTH DATA ELEMENTS--GENERAL INFORMATION
fixed length control field 100422e20100411xxk f s 000 0 eng d
035 ## - SYSTEM CONTROL NUMBER
System control number (Sirsi) u149771
041 0# - LANGUAGE CODE
Language code of text/sound track or separate title eng
110 2# - MAIN ENTRY--CORPORATE NAME
Corporate name or jurisdiction name as entry element Council of Mortgage Lenders
9 (RLIN) 5903
245 00 - TITLE STATEMENT
Title Market commentary
Medium [electronic resource]
490 ## - SERIES STATEMENT
Series statement CML Market Commentary
Volume/sequential designation February 2010
520 ## - SUMMARY, ETC.
Summary, etc. Housing and mortgage markets continued to improve in the second half of 2009 ending the year in a stronger position than at the beginning of 2009. Due to the rush to complete transactions by end of December 2009 due to the ending of the stamp duty holiday on properties worth between £125 000 and £175 000 activity fell dramatically in January. Low mortgage interest rates continue to help borrowers.
590 ## - LOCAL NOTE (RLIN)
Local note KA
651 #4 - SUBJECT ADDED ENTRY--GEOGRAPHIC NAME
Geographic name England and Wales
Chronological subdivision 1543-
690 ## - LOCAL SUBJECT ADDED ENTRY--TOPICAL TERM (OCLC, RLIN)
Topical term or geographic name as entry element PROPERTY-RESIDENTIAL PROPERTY-RESIDENTIAL PROPERTY MARKET
856 40 - ELECTRONIC LOCATION AND ACCESS
Uniform Resource Identifier <a href="https://live.cml.netxtra.net/cml/publications/marketcommentary/199">https://live.cml.netxtra.net/cml/publications/marketcommentary/199</a>
Public note View the commentary free of charge at www.cml.org.uk
942 ## - ADDED ENTRY ELEMENTS (KOHA)
Suppress in OPAC 0
Holdings
Withdrawn status Lost status Source of classification or shelving scheme Damaged status Not for loan Home library Current library Shelving location Date acquired Total Checkouts Full call number Barcode Date last seen Copy number Price effective from Koha item type
    Dewey Decimal Classification     Virtual Virtual Online 22/04/2010   ONLINE PUBLICATION AUTP 06/08/2019 1 06/08/2019 Journal article